| 000 | 00736cam a2200193 i 4500 | ||
|---|---|---|---|
| 005 | 20251231112804.0 | ||
| 008 | 250721s1990 le gr 000 0 ara d | ||
| 082 | 1 | 4 |
_a219.4 _bم ه ر |
| 100 | 1 |
_aمهران، محمد بيومي _eمؤلف. |
|
| 245 | 1 | 2 |
_aالامام الحسن بن علي / _cدكتور محمد بيومي مهران. |
| 264 | 3 | 1 |
_aبيروت : _bدار النهضة العربية، _c1990. |
| 300 | _a197 صفحة. | ||
| 490 | 0 |
_aفي رحاب النبي وآل بيته الطاهرين ؛ _vرقم 7. |
|
| 650 | 1 | 7 | _aآل البيت. |
| 650 | 1 | 7 | _aالسيرة النبوية. |
| 830 | 0 | _aفي رحاب النبي وآل بيته الطاهرين. | |
| 942 |
_2ddc _cBK |
||
| 999 |
_c123663 _d123663 |
||